000 00478nam a2200145 a 4500
001 000044676
005 20201002045539.0
008 141216s2012 dr a 000 0 spa d
040 _aDO-SdBNP
_bspa
_cBNPHU
082 _axxxx
_bxxxx
110 1 _aRepública Dominicana.
_bJurisdicción Inmobiliaria
_972680
245 1 0 _aTasas por servicios (2012) :
_bjurisdicción inmobiliaria.
260 _aSanto Domingo :
_bJurisdicción Inmobiliaria,
_c2012.
300 _a11 p. :
_bil. ;
_c14 cm.
999 _c44165
_d44165